| 000 | 00967cab a2200301 4500 | ||
|---|---|---|---|
| 001 | ABS52227 | ||
| 008 | 090401t1995 xxu||||| |||| 00| 0 eng d | ||
| 035 | _a(Sirsi) u66823 | ||
| 041 | _aeng | ||
| 100 | _aElliott, T. | ||
| 245 | _aPleading rolled-up claims | ||
| 260 | _c1995 | ||
| 350 | _a0 | ||
| 490 |
_aBuilding _v260(78790 10 February 1995, 37(1) |
||
| 520 | _aReviews recent case law concerning rolled-up claims for loss and expense in contractual disputes. | ||
| 650 | _aBUILT ENVIRONMENT-BUILDING CONTRACT FORMS | ||
| 650 | _aCONTRACT CLAIMS | ||
| 650 | _aCROSBY V PORTLAND | ||
| 650 | _aGLOBAL CLAIMS | ||
| 650 | _aGMTC TOOLS AND EQUIPMENT LTD V YUASA WARWICK MACHINERY LTD | ||
| 650 | _aLOSS AND EXPENSE | ||
| 650 | _aMERTON V LEACH | ||
| 650 | _aNAURU PHOSPHATE ROYALITIES TRUST V MATTHEW HALL MECHANICAL | ||
| 650 | _aROLLED-UP CLAIMS | ||
| 690 | _aBUILT ENVIRONMENT-BUILDING CONTRACT FORMS | ||
| 942 | _n0 | ||
| 948 | _c04/03/1997 | ||
| 999 |
_c41758 _d41758 |
||